Addison-Wesley United States history / (Record no. 200468128)

MARC details
000 -LEADER
fixed length control field 01304cam a2200409 i 4500
001 - CONTROL NUMBER
control field 200468128
003 - CONTROL NUMBER IDENTIFIER
control field TR-AnTOB
005 - DATE AND TIME OF LATEST TRANSACTION
control field 20260415155136.0
007 - PHYSICAL DESCRIPTION FIXED FIELD--GENERAL INFORMATION
fixed length control field ta
008 - FIXED-LENGTH DATA ELEMENTS--GENERAL INFORMATION
fixed length control field 260415t19861986caua b 001 0 eng
010 ## - LIBRARY OF CONGRESS CONTROL NUMBER
LC control number 85203045
020 ## - INTERNATIONAL STANDARD BOOK NUMBER
International Standard Book Number 0201209160
Qualifying information (hardback)
International Standard Book Number 9780201209167
035 ## - SYSTEM CONTROL NUMBER
System control number 979853
System control number (TR-AnTOB)200468128
040 ## - CATALOGING SOURCE
Original cataloging agency DLC
Language of cataloging eng
Description conventions rda
Transcribing agency DLC
Modifying agency DLC
-- TR-AnTOB
041 0# - LANGUAGE CODE
Language code of text/sound track or separate title İngilizce
043 ## - GEOGRAPHIC AREA CODE
Geographic area code n-us---
050 00 - LIBRARY OF CONGRESS CALL NUMBER
Classification number E178.1
Item number .A23 1986
090 ## - LOCALLY ASSIGNED LC-TYPE CALL NUMBER (OCLC); LOCAL CALL NUMBER (RLIN)
Classification number (OCLC) (R) ; Classification number, CALL (RLIN) (NR) E178.1
Local cutter number (OCLC) ; Book number/undivided call number, CALL (RLIN) .A23 1986
245 00 - TITLE STATEMENT
Title Addison-Wesley United States history /
Statement of responsibility, etc. authors, David C. King [and three others].
250 ## - EDITION STATEMENT
Edition statement Presidential edition.
264 #1 - PRODUCTION, PUBLICATION, DISTRIBUTION, MANUFACTURE, AND COPYRIGHT NOTICE
Place of production, publication, distribution, manufacture Menlo Park, Calif., :
Name of producer, publisher, distributor, manufacturer Addison-Wesley Pub. Co.,
Date of production, publication, distribution, manufacture, or copyright notice 1986.
Date of production, publication, distribution, manufacture, or copyright notice ©1986
300 ## - PHYSICAL DESCRIPTION
Extent xvi, 832 pages :
Other physical details illustrations (some color) ;
Dimensions 27 cm
336 ## - CONTENT TYPE
Content type term text
Content type code txt
Source rdacontent
337 ## - MEDIA TYPE
Media type term unmediated
Media type code n
Source rdamedia
338 ## - CARRIER TYPE
Carrier type term volume
Carrier type code nc
Source rdacarrier
504 ## - BIBLIOGRAPHY, ETC. NOTE
Bibliography, etc. note Includes bibliographical references and index.
520 ## - SUMMARY, ETC.
Summary, etc. Traces the history of the United States from the early Indian civilization to the present day.
651 #0 - SUBJECT ADDED ENTRY--GEOGRAPHIC NAME
Geographic name United States
General subdivision History
9 (RLIN) 6238
700 1# - ADDED ENTRY--PERSONAL NAME
Personal name King, David C.
Relator term author
Relator code aut
9 (RLIN) 153683
710 2# - ADDED ENTRY--CORPORATE NAME
Corporate name or jurisdiction name as entry element Addison-Wesley Publishing Company
9 (RLIN) 153684
942 ## - ADDED ENTRY ELEMENTS (KOHA)
Source of classification or shelving scheme Library of Congress Classification
Koha item type Book
Holdings
Withdrawn status Lost status Source of classification or shelving scheme Damaged status Not for loan Collection code Home library Current library Shelving location Date acquired Source of acquisition Inventory number Total Checkouts Full call number Barcode Date last seen Copy number Date shelved Koha item type Public note
    Library of Congress Classification Kullanılmış / Used Ödünç Verilemez-Kurumiçi kullanım / Not for loan-For inhouse use Genel Koleksiyon Tıp Fakültesi Medikal Kütüphane Tıp Fakültesi Medikal Kütüphane Genel Koleksiyon / Main Collection 18/03/2026 Bağış / Donation TAR   E178.1 .A23 1986 TıpFaK TF03092 15/04/2026 1 15/04/2026 Book Donated by Prof. Dr. Şükrü Cin
Devinim Yazılım Eğitim Danışmanlık tarafından Koha'nın orjinal sürümü uyarlanarak geliştirilip kurulmuştur.